Ecología y salud (Record no. 690)

MARC details
000 -CABECERA
campo de control de longitud fija 02382nam a22003134c 4500
003 - IDENTIFICADOR DE NUMERO DE CONTROL
campo de control AR-BaSMT
008 - CAMPOS DE LONGITUD FIJA
campo de control de longitud fija 230327t2021 agd|||frib|| 001 0 spa d
020 ## - ISBN: Indicadores indefinidos
Número ISBN 9789874180797
040 ## - FUENTE DE CATALOGACION
Agencia de catalogación original BSGB
Idioma de catalogación español
Agencia que realiza la transcripción BSGB
Convenciones de la descripción rda
041 0# - CODIGO DE IDIOMA
Código idioma spa
Idioma original español
080 ## - CDU
CDU completo 574
100 1# - PUNTO DE ACCESO PRINCIPAL
Nombre de persona Busch, María
Enlace autoridades 516
245 1# - MENCION DE TITULO
Título Ecología y salud
250 ## - MENCION DE EDICION
Mención de edición Segunda edición
264 ## - PRODUCCIÓN, PUBLICACIÓN, DISTRIBUCIÓN, ETC.
Lugar de publicación, etc. Buenos Aires ;
Nombre editor. Del Aula Taller,
Fecha 2021.
300 ## - DESCRIPCION FISICA
Extensión 60 páginas, Ilustraciones blanco y negro.
336 ## - TIPO DE CONTENIDO
rdacontent rdacontent
texto texto
txt txt
337 ## - TIPO DE MEDIO
rdamedia rdamedia
sin mediación sin mediación
n n
338 ## - TIPO DE SOPORTE
rdacarrier rdacarrier
volumen volumen
nc nc
490 ## - TÍTULO DE LA SERIE
Título de la serie Colección Sociedades y Medioambiente
520 ## - NOTA DE SUMARIO, RESUMEN, ETC.
Toda la nota ÍNDICE<br/><br/>CAPÍTULO I<br/>LAS ENFERMEDADES COMO RESULTADO DE LA INTERACCIÓN DEL HOMBRE CON SU MEDIO<br/>Condiciones de vida, de trabajo y salud<br/>La epidemiología social<br/>Los efectos demográficos de la conquista<br/><br/>CAPÍTULO II<br/>DISTINTOS TIPOS DE AGENTES CAUSALES DE ENFERMEDADES: FACTORES FÍSICOS, QUÍMICOS Y BIÓTICOS<br/>Agentes físicos<br/>Radiaciones<br/>Hiroshima y Nagasaki<br/>Calor<br/>Ruido<br/>Agentes químicos<br/>Condiciones de trabajo y salud<br/>Contaminación por plaguicidas<br/>Otros contaminantes químicos<br/>Materiales en suspensión en la atmósfera<br/>Agentes biológicos<br/><br/>CAPÍTULO III<br/>ENFERMEDADES ASOCIADAS AL MEDIO AMBIENTE<br/>Producidas por agentes químicos o físicos<br/>Enfermedades producidas por agentes biológicos<br/>Sin intervención de reservorios o vectores<br/>Con intervención de reservorios o vectores<br/>Las epidemias de cólera en la Argentina<br/>Los ataques de la peste negra<br/>La necesidad de entornos saludables<br/>Enfermedades transmitidas por insectos<br/>Enfermedades de transmisión hídrica<br/>Enfermedades transmitidas por caracoles<br/><br/>CAPÍTULO IV<br/>PERSPECTIVAS EN UN PLANETA QUE CAMBIA<br/><br/>RECUADROS<br/>Condiciones de vida, de trebajo y de salud<br/>La epidemiología social<br/>Los efectos demográficos de la conquista<br/>Hiroshima y Nagasaki<br/>Condiciones de trabajo y de salud<br/>Las epidemias de cólera en la Argentina<br/>Los ataques de la peste negra<br/>La necesidad de entornos saludables<br/>Enfermedades de transmisión hídrica<br/><br/>BIBLIOGRAFÍA
521 ## - NOTA DE PÚBLICO DESTINATARIO
Nota de audiencia Público general
650 #7 - PUNTO DE ACCESO ADICIONAL DE MATERIA – TÉRMINO TEMÁTICO
Enlace autoridades 85
Término de materia o nombre geográfico como elemento de entrada ECOLOGÍA
Subdivisión general SALUD
700 1# - PUNTO DE ACCESO ADICIONAL – NOMBRE DE PERSONA
Apellido, Nombre Ambas, Alejandro
Término relacionador: Autor
Enlace autoridades 517
700 1# - PUNTO DE ACCESO ADICIONAL – NOMBRE DE PERSONA
Apellido, Nombre Dadón, José R.,
Numeración 1956-
Término relacionador: Autor
Enlace autoridades 518
700 1# - PUNTO DE ACCESO ADICIONAL – NOMBRE DE PERSONA
Apellido, Nombre Rodríguez, María Cecilia
Término relacionador: Autor
Enlace autoridades 519
942 ## - ELEMENTOS AGREGADOS (KOHA)
CDU Clasificación Decimal Dewey
Tipo de ítem Libros
Holdings
Disponible Perdido Fuente de clasificación Estado Ubicación permanente Locación actual Estante o sala Fuente de adquisición Número de inventario Total préstamos Signatura topográfica Código de barras Numero de ejemplar Tipo de item de Koha Calificador de localización códificado
    Clasificación Decimal Dewey   Biblioteca Susana G. De Batemarco Biblioteca Susana G. De Batemarco Ciencias Naturales Compra feria del libro 2025 001070   574 BUS 001070 1 Libros  

Powered by Koha